<?xml version="1.0" encoding="UTF-8"?>
<record
    xmlns:xsi="http://www.w3.org/2001/XMLSchema-instance"
    xsi:schemaLocation="http://www.loc.gov/MARC21/slim http://www.loc.gov/standards/marcxml/schema/MARC21slim.xsd"
    xmlns="http://www.loc.gov/MARC21/slim">

  <leader>00748nam a2200205 i 4500</leader>
  <controlfield tag="001">116714</controlfield>
  <controlfield tag="003">ES-MaACL</controlfield>
  <controlfield tag="005">20230906190744.0</controlfield>
  <controlfield tag="007">t|</controlfield>
  <controlfield tag="008">061121s1912    po      r    ||||1| por d</controlfield>
  <datafield tag="100" ind1="1" ind2=" ">
    <subfield code="a">Pascoais, Teixeira de (</subfield>
    <subfield code="d">1877-1952)</subfield>
    <subfield code="9">89331</subfield>
  </datafield>
  <datafield tag="245" ind1="1" ind2="2">
    <subfield code="a">O esp&#xED;rito lusitano au o saudosismo </subfield>
    <subfield code="b">: conf&#xE8;rencia da "Renascen&#xE7;a portuguesa", realisada no Ateneu Comercial do Porto, na noite de 23 de Maio de 1912.</subfield>
  </datafield>
  <datafield tag="260" ind1=" " ind2=" ">
    <subfield code="a">Porto : </subfield>
    <subfield code="b">Renascen&#xE7;a Portuguesa, </subfield>
    <subfield code="c">1912.</subfield>
  </datafield>
  <datafield tag="300" ind1=" " ind2=" ">
    <subfield code="a">20 p. ; </subfield>
    <subfield code="c">25 cm.</subfield>
  </datafield>
  <datafield tag="490" ind1="1" ind2=" ">
    <subfield code="a">Biblioteca de A Renasce&#xE7;a Portuguesa</subfield>
  </datafield>
  <datafield tag="650" ind1=" " ind2="4">
    <subfield code="a">Portugueses-</subfield>
    <subfield code="x">Psicolog&#xED;a.</subfield>
    <subfield code="9">163749</subfield>
  </datafield>
  <datafield tag="830" ind1="0" ind2=" ">
    <subfield code="a">Biblioteca de A Renasce&#xE7;a Portuguesa</subfield>
    <subfield code="9">233321</subfield>
  </datafield>
  <datafield tag="852" ind1=" " ind2=" ">
    <subfield code="a">ES-MaACL</subfield>
    <subfield code="j">1570-F-4</subfield>
  </datafield>
  <datafield tag="999" ind1=" " ind2=" ">
    <subfield code="c">116714</subfield>
    <subfield code="d">116714</subfield>
  </datafield>
  <datafield tag="952" ind1=" " ind2=" ">
    <subfield code="0">0</subfield>
    <subfield code="1">0</subfield>
    <subfield code="4">0</subfield>
    <subfield code="7">0</subfield>
    <subfield code="8">Colecci&#xF3;n_de_folletos</subfield>
    <subfield code="a">ATENEOM</subfield>
    <subfield code="b">ATENEOM</subfield>
    <subfield code="c">DEPOF</subfield>
    <subfield code="d">2008-01-17</subfield>
    <subfield code="e">SC</subfield>
    <subfield code="l">0</subfield>
    <subfield code="o">1570-F-4</subfield>
    <subfield code="p">1121699</subfield>
    <subfield code="r">2023-02-23 00:00:00</subfield>
    <subfield code="w">2023-02-23</subfield>
    <subfield code="y">FOLLETOS</subfield>
  </datafield>
</record>
